Lo mejor que hice por mi matrimonio : cincuenta historias de la vida real

Na minha lista:
Detalhes bibliográficos
Autor principal: Cobb, Nancy
Outros Autores: Grigsby, Connie
Formato: Livro
Idioma:espanhol
Publicado em: Miami. Unilit. c 2005.
Assuntos:
Tags: Adicionar Tag
Sem tags, seja o primeiro a adicionar uma tag!

MARC

LEADER 00000nam a22000005a 4500
001 20637
003 CL-ChBUA
005 20120815103753.0
008 070301s2005 xxu 000 0 spa
040 |a CL-ChBUA  |c CL-ChBUA 
082 0 0 |a 261.835 
090 |c 20637  |d 20637 
100 1 |a Cobb, Nancy. 
245 1 0 |a Lo mejor que hice por mi matrimonio :  |b cincuenta historias de la vida real 
260 |b Unilit.  |a Miami.  |c c 2005. 
300 |a 251 p.  |c 22 cm. 
504 |a Indice. 
650 4 |a VIDA CRISTIANA. 
650 4 |a MATRIMONIO. 
700 1 |a Grigsby, Connie. 
942 |c LIB 
952 |0 0  |1 0  |4 0  |7 0  |9 28072  |a UNACH  |b UNACH  |c 200  |d 2007-03-05  |i 39.449.  |l 4  |m 2  |o 261.835 / C 653.  |p 29071  |r 2023-11-20 00:00:00  |s 2023-11-17  |u 28072  |w 2012-08-08  |y LIB  |k 261.835 / C 653. 
999 |c 20637  |d 20637